000 00269 a2200121 4500
001 71040
040 _cAnchieta - Itaigara
100 _aNixon, Caroline
240 1 0 _aKid's Box 3
_leng
245 1 0 _aKid's Box 3
650 4 _aPublicações seriadas em geral
942 _cMX
999 _c71040
_d71040